00763nam a2200241 a 4500001001000000005001700010008004100027041000800068044000800076050002300084100003600107245005500143260002700198300001900225500004200244500000900286600004000295650003600335902000800371942001100379999001500390952011600405BRCA_360520190320204341.0110809s1958----nyu#---###---#000-0#eng-# aeng anyu 4aD511.Z5b.T83 19581 aTuchman, Barbara Wertheim9779610aThe Zimmermann telegramcBarbara Wertheim Tuchman. aNew YorkbVikingc1958 a244 p.c22 cm. aIncluye notas e índice alfabético aB27414aZimmermann, Alfredd1859-19259935414aGuerra Europea, 1914-191897797 aGFM 2lcccB c3340d3340 00104070aBRCAbBRCAd2009-08-11iB274l0oD511.Z5 .T83 1958 (B274)p3602r2019-03-22 00:00:00w2019-03-22yB